000 00419cam a2200181ua 4500
001 5805
008 131022n ii |||gr||||Z||||||eng
040 _cMAIN
082 _a954.162
100 _aBhuyan,S.K,
_eAuthor.
245 _aRamani Gabharu
_cby S.K.Bhuyan
250 _a2nd ed.
260 _a[s.l]:
_bLawyers Book Stall,
_c1968.
300 _a86p.
653 _aHistory
653 _aRamani Gabharu
942 _cBK
999 _c4960
_d4960